000 01061cam a2200313 a 4500
001 000003408
003 DO-SdBNP
005 20220808114351.0
007 ta
008 700612s1970 xxcab b 001 0 eng
020 _a0802052193
040 _aDO-SdBNP
_bspa
_cBNPHU
082 4 _a953.9
_bW776a
_222
100 1 _aWinnett, F. V.
_q(Frederick Víctor)
_910621
245 1 0 _aAncient records from North Arabia /
_cF. V. Winnett, W. L. Reed ; contribución, J. t. Milik; J. Starcky.
260 _aToronto :
_bUniversity of Toronto Press,
_c1970.
300 _axix, 243 p. :
_bil., map. ;
_c26 cm.
490 1 _aNear and Middle East series,
_v6
590 _aInventariado, 2020/BT
650 4 _aInscriciones
_zPenínsula Arábica
_910622
651 4 _aPenínsula Arábica
_xAntiguedades
_910623
651 4 _aPenínsula Arábiga
_910624
700 1 _aReed, W. L.
_q(William LaForest),
_d1912-
_910625
700 1 _aMilik, J. T.
_910626
700 1 _aStarcky, J.
_910627
830 0 _aNear and Middle East series,
_v6
_910628
910 _aDG
942 _2ddc
_cLBS1
999 _c3238
_d3238